<?xml version="1.0" encoding="UTF-8"?>
<record
    xmlns:xsi="http://www.w3.org/2001/XMLSchema-instance"
    xsi:schemaLocation="http://www.loc.gov/MARC21/slim http://www.loc.gov/standards/marcxml/schema/MARC21slim.xsd"
    xmlns="http://www.loc.gov/MARC21/slim">

  <leader>03185nam a2200205Ia 4500</leader>
  <controlfield tag="001">IA_Se ha determinado que es necesario realizar una inversi&#xF3;n de 1,735,000.00, siendo la inversi&#xF3;n fija y diferida de 1,567,000.00 con un capital de trabajo de 168,000.00, el an&#xE1;lisis se realiz&#xF3; a 10 a&#xF1;os, obteniendo en la evaluaci&#xF3;n financiera una Tasa Interna de Rentabilidad (TIR) de 39.9% y estableciendo una Tasa de Retorno M&#xED;nima Aceptable (TREMA) de 20%. Los l&#xED;mites de sensibilidad se encuentran para el aumento del precio de la materia prima, el proyecto llega a soportar un aumento de hasta el 65%; para la disminuci&#xF3;n del precio de venta el proyecto puede mantenerse como viable con una disminuci&#xF3;n de hasta un 13%, adem&#xE1;s el proyecto logra soportar aumento del 70% en su inversi&#xF3;n. De acuerdo a los datos obtenidos, se determin&#xF3; que el proyecto es factible desde el punto de vista econ&#xF3;mico, t&#xE9;cnico y social, debido a que existen los medios necesarios y condiciones favorables en cuanto a disponibilidad de mano de obra, materia prima, v&#xED;as de acceso y mercado potencial.   The present work was carried out in order to see the feasibility to establish a yogurt processing plant in the municipality of Ocotl&#xE1;n, Jalisco for Alianza Ganadera of the Ci&#xE9;nega. The economic benefit of the project lies in the socio-productor will receive a higher price for milk to transform it into yogurt and generate added value unlike which is marketed as cold milk. Based on a comprehensive analysis of the feasibility, profitability and risk of the project is presented an opinion on the appropriateness and conditions for the aggregation of the yogurt production line Project It has been determined that it is necessary to make an investment of 1,735,000.00, being the investment sets and deferred of 1,567,000.00 with a working capital of 168,000.00, the analysis was carried out to 10 years, obtaining financial assessment an internal rate of return (TIR) of 39.9% and establishing a minimum acceptable return rate (TREMA) of 20%. Sensitivity limits are for the increase of the price of the raw material, the project comes to bear an increase of up to 65%; lowering the selling price the project can keep how viable a decrease up to 13%, also project manages to withstand the 70% increase in their investment. According to the obtained data, it was determined that the project is feasible from the point of view of economic, technical and social, since there are the means and favorable conditions in terms of availability of labour, raw materials, access roads and market potential.</controlfield>
  <controlfield tag="002">PROYECTO DE FACTIBILIDAD, RENTABILIDAD Y RIESGO PA</controlfield>
  <controlfield tag="008">220117s    xx            000 0 und d</controlfield>
  <datafield tag="010" ind1=" " ind2=" ">
    <subfield code="a">185654</subfield>
  </datafield>
  <datafield tag="530" ind1=" " ind2=" ">
    <subfield code="a">Disponible en PDF</subfield>
  </datafield>
  <datafield tag="650" ind1=" " ind2="0">
    <subfield code="a">Dairy industry</subfield>
    <subfield code="z">Mexico</subfield>
    <subfield code="z">Jalisco</subfield>
    <subfield code="9">152795</subfield>
  </datafield>
  <datafield tag="650" ind1=" " ind2="0">
    <subfield code="a">Industria lechera</subfield>
    <subfield code="z">M&#xE9;xico</subfield>
    <subfield code="z">Jalisco  </subfield>
    <subfield code="9">152796</subfield>
  </datafield>
  <datafield tag="650" ind1=" " ind2=" ">
    <subfield code="a">Yogur  </subfield>
    <subfield code="9">147092</subfield>
  </datafield>
  <datafield tag="650" ind1=" " ind2=" ">
    <subfield code="a">Yogurt  </subfield>
    <subfield code="9">123161</subfield>
  </datafield>
  <datafield tag="700" ind1=" " ind2=" ">
    <subfield code="a">Altamirano Cardenas, J. Reyes, asesor </subfield>
    <subfield code="9">163748</subfield>
  </datafield>
  <datafield tag="700" ind1=" " ind2=" ">
    <subfield code="a">Santos Moreno, Armando, asesor</subfield>
    <subfield code="9">163714</subfield>
  </datafield>
  <datafield tag="700" ind1=" " ind2=" ">
    <subfield code="a">Santoyo Cort&#xE9;s, V. Horacio, dir. </subfield>
  </datafield>
  <datafield tag="942" ind1=" " ind2=" ">
    <subfield code="c">TESIS C78 2015</subfield>
  </datafield>
  <datafield tag="999" ind1=" " ind2=" ">
    <subfield code="c">185654</subfield>
    <subfield code="d">185654</subfield>
  </datafield>
</record>
